| 000 | 00568nam a2200241Ia 4500 | ||
|---|---|---|---|
| 003 | OSt | ||
| 005 | 20140326084542.0 | ||
| 008 | 140130s9999 xx 000 0 und d | ||
| 020 | _a0439876400 | ||
| 050 |
_aQC 980 _b.M379 2006 |
||
| 100 | _aMartin, Justine McCory | ||
| 245 |
_cJustine McCory Martin _aWeather / |
||
| 260 |
_bScholastic, _c2006. _aNew York : |
||
| 300 |
_a16 p. : _bcol. ill. ; _c22 cm. |
||
| 440 | _v1 | ||
| 521 | _aG8 | ||
| 526 | _c970 | ||
| 942 |
_cBK _2lcc |
||
| 999 |
_c41662 _d41662 |
||